Statistics for Wales Football Team World Cup Starting XI

Click here to take the quiz!

General Stats

  • This quiz has been taken 206 times
  • The average score is 7 of 22

Answer Stats

Player% Correct
Gareth Bale
100%
Aaron Ramsey
77%
Wayne Hennessey
66%
Ben Davies
50%
Neco Williams
50%
Stuart Williams
50%
Kieffer Moore
40%
Ethan Ampadu
38%
Joe Rodon
31%
Connor Roberts
29%
Harry Wilson
28%
Chris Mepham
26%
Cliff Jones
24%
John Charles
19%
Mel Charles
19%
Ivor Allchurch
9%
Dave Bowen
4%
Jack Kelsey
4%
Terry Medwin
4%
Colin Webster
3%
Mel Hopkins
3%
Derrick Sullivan
2%

Score Distribution

Percentile by Number Answered

Percent of People with Each Score

Your Score History

You have not taken this quiz